| 000 | 01169 a2200217 4500 | ||
|---|---|---|---|
| 001 | 29648 | ||
| 005 | 20260407155606.0 | ||
| 008 | 260407a2010 arg spa d | ||
| 003 | AR-UNSa-BCEJYS | ||
| 040 |
_aAR-UNSa-BCEJYS _bspa _cAR-UNSa-BCEJYS |
||
| 080 |
_a336.76 _xBolsa. Mercado del dinero. Mercado del capital |
||
| 245 | 1 | 0 |
_aCapital markets in the southern cone of Latin América _pconvergence to International Standards and Integration |
| 264 | 1 |
_aBuenos Aires : _bPearson Educación _c2010 |
|
| 300 |
_axx, 176 p. _c23 cm. |
||
| 505 | _a1. Introduction - 2. South American capital markets perfomance - 3. Comparative policies on Foreign exchange and capital mobility - 4. Secutities markets regulations and evaluations on the degree of implementation - 5. Observance of international auditing and accounting standards in South America - 6. Taxation structure for financial instruments in Argentina, Brazil, Chile and Peru | ||
| 041 | _aspa | ||
| 942 | _cBK | ||
| 590 | _aniveau_biblio:m niveau_hierar:0 | ||
| 100 | 1 | _aMusalen, Alberto R. | |
| 856 | 4 | 1 |
_uhttps://biblioeco.unsa.edu.ar/pmb/images/libros/Capital markets-l125076.jpg _yImagen de portada _qimage/jpeg |
| 999 |
_c1927 _d1927 |
||